000 00492nam a2200181Ia 4500
999 _c29197
_d29197
003 OSt
005 20201120121905.0
008 190216s9999||||xx |||||||||||||| ||und||
020 _a9788126411702
040 _coclc
082 _a920
_bNAI/V
100 _aNair, Radhika C
_96747
245 0 _aViswa Sahithyakaranmar /
_cRadhika C Nair
260 _bD C Books,
_aKottayam:
_c2006.
300 _a167p
650 _aPadanam
942 _cBK
_2ddc
_h920
_iNAI/V
_k920
_mNAI/V